| 000 | 00364nam a22001337a 4500 | ||
|---|---|---|---|
| 020 | _a0-07-007351-1 | ||
| 082 | _a620.1127 ,BRA'N | ||
| 100 |
_aBRAY, DON E _980531 |
||
| 245 | _aNON DESTRUCTIVE EVALUATION ,A TOOL FOR DESIGN MANUFACTURING AND SERVICE | ||
| 260 |
_aNEWYORK _bMCGRAW HILL _c1989 |
||
| 300 | _a581P | ||
| 650 |
_aNON-DESTRUCTIVE _980532 |
||
| 942 | _cBK | ||
| 999 |
_c585453 _d585453 |
||